Tus zonas erróneas: guía para combatir las causas de la infelicidad
保存先:
| 第一著者: | |
|---|---|
| フォーマット: | 図書 |
| 言語: | スペイン語 |
| 出版事項: |
Buenos Aires
DeBolsillo
2010
Buenos Aires Sudamericana 2010 |
| 版: | 16a. ed |
| 主題: | |
| タグ: |
タグ追加
タグなし, このレコードへの初めてのタグを付けませんか!
|
MARC
| LEADER | 00000nam a2200000 a 4500 | ||
|---|---|---|---|
| 001 | UCG5068 | ||
| 003 | CL-VaPUC | ||
| 008 | 101230e20100000ag |||||||||||||||||spa|d | ||
| 020 | |a 9871138717 | ||
| 082 | 0 | 4 | |a 158 |b DYE |2 21 |
| 100 | 0 | |a Dyer, Wayne W |e author |9 554609 | |
| 245 | 1 | 0 | |a Tus zonas erróneas: guía para combatir las causas de la infelicidad |
| 250 | |a 16a. ed | ||
| 300 | |a 320 p | ||
| 942 | |c BK | ||
| 945 | |d 20101230 00:00:00 |a dcastane | ||
| 260 | |a Buenos Aires |b DeBolsillo |c 2010 | ||
| 260 | |a Buenos Aires |b Sudamericana |c 2010 | ||
| 650 | 0 | |a Psicología aplicada |9 270762 | |
| 650 | 0 | |a Autosuperación |9 463054 | |
| 650 | 0 | |a Desarrollo individual |9 307875 | |
| 650 | 0 | |a Personalidad |9 307255 | |
| 583 | |a last modification |c 20171010 10:34:54 |k Rodrigo Vera | ||
| 999 | |c 343640 |d 343638 | ||
| 952 | |0 0 |1 0 |4 0 |6 158_000000000000000_DYE_2010_2010 |7 0 |8 C |9 441096 |a BIBCUR |b BIBCUR |d 2019-11-22 |i 4745019 |l 3 |m 1 |o 158 DYE 2010 2010 |p 4745019 |r 2025-04-22 |s 2025-01-06 |w 2019-11-22 |y BK |k CAC | ||